000 00596nam a2200193 a 4500
003 PILC
005 20150112093428.0
008 100712s19uu xx 00 eng d
020 _a978013109704
050 _aLB 1028.3
_b.R666 2003
082 _aCSF 004.67
_bR57 2003
100 _aRoblyer, M.D.
_95722
245 _aStarting out on the internet :
_ba learning journey for teachers /
_cM.D. Roblyer.
250 _a2nd ed.
260 _aNew Jersey :
_bMerill: Prentice Hall Education, Inc,
_c2003.
300 _a79 pages :
_billustration ;
_c24 cm.
650 _aInternet
_9115
942 _2lcc
_cBK
999 _c14257
_d14257